000 00773nam a2200193Ii 4500
003 JO-AjNU
008 230605s9999||||xx |||||||||||||| ||und||
040 _aJO-AjNU
_bara
_erda
_cJO-AjNU
041 _aara
050 1 4 _aPJ6101.T322 1983
100 3 _aتحقيق مسعود،فوزي عبد العزيز,
_eauthor
_99430
245 0 0 _aكتاب تهذيب إصلاح المنطق لأبي زكريا يحيى بن علي الخطيب التبريزي، ج1
264 3 1 _aبغداد: دار الشؤون الثقافية العامة، 1991
300 _aج1، 415ص
336 _atext
_btxt
_2rdacontent
337 _aunmediated
_bn
_2rdamedia
338 _avolume
_bnc
_2rdacarrier
650 4 _aاللغة العربية-اللغة-تهذيب إصلاح المنطق
_99431
999 _aA1298
_c4866
_d4866